000 00914nam a2200289 i 4500
001 000044849
003 DO-SdBNP
005 20240530073923.0
007 ta
008 150114s2011 uy r 000 f spa d
020 _a9789974681842
040 _aDO-SdBNP
_bspa
_cBNPHU
_erda
082 4 _aRD863.44
_bP649c
_222
100 1 _aPineda, Rafael
_910784
_eautor
245 1 0 _aCon la Boca Llena de Hormigas /
_cRafael Pineda.
264 _aMaldonado, Uruguay :
_bBotella del mar,
_c2011
300 _a159 páginas ;
_c22 cm.
336 _2rdacontent
_atexto
_btxt
337 _2rdamedia
_asin mediación
_bn
338 _2rdacarrier
_avolumen
_bnc
500 _aIncluye datos biografícos del autor en la solapa de la cubierta
590 _aInventariado, 2019/BT
650 0 _aNovela dominicana
_9223
650 0 _aLiteratura dominicana.
_967
910 _aValidado. Control de calidad. MFF
942 _2ddc
_cLBS1
999 _c44338
_d44338